[Event "Manizales Feria op 29th"]
[Site "Manizales"]
[Date "2024.01.06"]
[Round "2"]
[White "Esmeraldas Huachi, Anderson Yahir"]
[Black "Cardona Marin, Fabio"]
[Result "1-0"]
[WhiteElo "2153"]
[BlackElo "1795"]
[PlyCount "97"]
[EventDate "2024.01.05"]
[EventType "swiss"]
[EventRounds "7"]
[EventCountry "COL"]
[SourceTitle "CB02_2024"]
[SourceDate "2024.01.10"]
[SourceVersion "1"]
[SourceVersionDate "2024.01.10"]
[SourceQuality "1"]

1. d4 Nf6 2. c4 e6 3. Nc3 Bb4 4. f3 c5 5. d5 d6 6. e4 Bxc3+ 7. bxc3 e5 8. Ne2 Nbd7 9. g4 h6 10. Ng3 Nf8 11. h4 Ng6 12. h5 Nf4 13. Bxf4 exf4 14. Ne2 Bd7 15. Qd2 Qe7 16. Qxf4 0-0-0 17. 0-0-0 Ba4 18. Rd2 Nd7 19. Ng3 g6 20. hxg6 fxg6 21. Rdh2 Ne5 22. Qe3 Rhf8 23. f4 Nxg4 24. Bh3 h5 25. Bxg4+ hxg4 26. Rh4 Bd7 27. e5 dxe5 28. Rh7 Qf6 29. fxe5 Qf4 30. Qxf4 Rxf4 31. e6 Ba4 32. Rh8 Rxh8 33. Rxh8+ Kc7 34. e7 Rxc4 35. Kd2 Rf4 36. e8Q Bxe8 37. Rxe8 Kd6 38. Rd8+ Kc7 39. Rg8 Kd6 40. Ne2 Ra4 41. c4 Rxc4 42. Nc3 b5 43. Rxg6+ Ke5 44. Re6+ Kf5 45. Nxb5 Rb4 46. Nd6+ Kf4 47. Re4+ Rxe4 48. Nxe4 Ke5 49. Nc3 1-0

[Event "Manizales op 28th"]
[Site "Manizales"]
[Date "2023.01.09"]
[Round "8"]
[White "Vargas, Mauricio"]
[Black "Cardona Marin, Fabio"]
[Result "1-0"]
[WhiteElo "2125"]
[BlackElo "1890"]
[PlyCount "97"]
[EventDate "2023.01.05"]
[EventType "swiss"]
[EventRounds "8"]
[EventCountry "COL"]
[SourceTitle "CBM 212 Extra"]
[Source "ChessBase"]
[SourceDate "2023.03.31"]
[SourceVersion "1"]
[SourceVersionDate "2023.03.31"]
[SourceQuality "1"]

1. e4 e6 2. d4 d5 3. Nd2 dxe4 4. Nxe4 Nd7 5. Nf3 Ngf6 6. Nxf6+ Nxf6 7. Bd3 b6 8. Ne5 Bb7 9. Bb5+ c6 10. Bc4 Be7 11. c3 a6 12. Qe2 0-0 13. Qf3 Qc8 14. 0-0 c5 15. Qh3 cxd4 16. cxd4 Bd5 17. Bd3 Qb7 18. f3 g6 19. Bg5 Nh5 20. Bh6 Ng7 21. a3 f5 22. Rac1 Bf6 23. Qg3 Rfc8 24. Qf2 Rxc1 25. Rxc1 Rc8 26. Qd2 Be7 27. Rc3 Ne8 28. Qc2 Rxc3 29. Qxc3 Nd6 30. a4 Nf7 31. Be3 b5 32. axb5 axb5 33. b4 Nxe5 34. dxe5 Qc6 35. Qxc6 Bxc6 36. Bc5 Bxc5+ 37. bxc5 Kf7 38. Kf2 f4 39. g3 fxg3+ 40. hxg3 b4 41. Ke3 Ke7 42. f4 Bd5 43. Kd4 Kd7 44. Bb5+ Kc7 45. g4 b3 46. f5 b2 47. Bd3 Ba2 48. f6 Kd8 49. c6 1-0

[Event "Pereira Fiestas de la Cosecha"]
[Site "Pereira"]
[Date "2022.08.27"]
[Round "7"]
[White "Borre Meza, Orlando David"]
[Black "Cardona Marin, Fabio"]
[Result "1-0"]
[WhiteElo "1609"]
[BlackElo "1936"]
[PlyCount "67"]
[EventDate "2022.08.24"]
[EventType "swiss"]
[EventRounds "10"]
[EventCountry "COL"]
[SourceTitle "CBM 210 Extra"]
[Source "ChessBase"]
[SourceDate "2022.11.30"]
[SourceVersion "1"]
[SourceVersionDate "2022.11.30"]
[SourceQuality "1"]

1. Nf3 Nf6 2. g3 b6 3. Bg2 Bb7 4. 0-0 e6 5. d3 Be7 6. e4 d5 7. Nbd2 dxe4 8. Ng5 Nbd7 9. Ngxe4 Rb8 10. b3 Nxe4 11. Nxe4 Nf6 12. Bb2 Nxe4 13. dxe4 Qxd1 14. Rfxd1 Bf6 15. e5 Be7 16. Bxb7 Rxb7 17. Rd3 Rb8 18. Rad1 Rd8 19. Kg2 Rxd3 20. Rxd3 a5 21. Kf3 Bc5 22. Bd4 Bxd4 23. Rxd4 Ke7 24. Ke4 Rd8 25. Rxd8 Kxd8 26. Kd4 Kd7 27. Kc4 Kc6 28. a4 Kb7 29. c3 c5 30. Kb5 Kc7 31. g4 g5 32. Ka6 Kc6 33. c4 Kc7 34. Kb5 1-0

[Event "Pereira Fiestas de la Cosecha"]
[Site "Pereira"]
[Date "2022.08.25"]
[Round "3"]
[White "Vargas, Eduar Misael"]
[Black "Cardona Marin, Fabio"]
[Result "1/2-1/2"]
[WhiteElo "1870"]
[BlackElo "1936"]
[PlyCount "93"]
[EventDate "2022.08.24"]
[EventType "swiss"]
[EventRounds "10"]
[EventCountry "COL"]
[SourceTitle "CBM 210 Extra"]
[Source "ChessBase"]
[SourceDate "2022.11.30"]
[SourceVersion "1"]
[SourceVersionDate "2022.11.30"]
[SourceQuality "1"]

1. d4 Nf6 2. c4 e6 3. Nc3 d5 4. Bg5 Be7 5. e3 0-0 6. Nf3 a6 7. Rc1 Ne4 8. Bxe7 Qxe7 9. Bd3 Nxc3 10. Rxc3 c6 11. 0-0 Nd7 12. cxd5 exd5 13. Qc2 g6 14. a3 Nf6 15. b4 Ne4 16. Rb3 Nd6 17. a4 Bf5 18. Bxf5 gxf5 19. Ne5 f6 20. Nd3 Rfc8 21. Nf4 Rc7 22. Rc1 Rd7 23. Qe2 Qf7 24. h3 Kh8 25. Qf3 Rg8 26. Rc2 Qe8 27. Nh5 Rf7 28. Qd1 Qe4 29. Nf4 Rfg7 30. f3 Qe8 31. Kh2 Re7 32. Qg1 Nc4 33. Re2 Qb8 34. g3 Qe8 35. b5 Qd7 36. bxa6 bxa6 37. Nh5 Rf8 38. Qb1 Qe6 39. Nf4 Qd7 40. Rb8 Rxb8 41. Qxb8+ Re8 42. Qb3 Qc7 43. Qd3 Qd7 44. Ng2 a5 45. Nh4 Nd6 46. Qc3 Nc4 47. Qd3 1/2-1/2

[Event "COL-ch sf"]
[Site "Santa Rosa"]
[Date "2021.08.13"]
[Round "5"]
[White "Munoz Galvez, Jhon Edison"]
[Black "Cardona Marin, Fabio"]
[Result "1-0"]
[WhiteElo "2307"]
[BlackElo "2001"]
[PlyCount "83"]
[EventDate "2021.08.11"]
[EventType "swiss"]
[EventRounds "11"]
[EventCountry "COL"]
[SourceTitle "CBM 204 Extra"]
[Source "ChessBase"]
[SourceDate "2021.11.30"]
[SourceVersion "1"]
[SourceVersionDate "2021.11.30"]
[SourceQuality "1"]

1. d4 Nf6 2. c4 e6 3. Nf3 Bb4+ 4. Nbd2 Ne4 5. a3 Bxd2+ 6. Nxd2 Nxd2 7. Bxd2 d6 8. Bc3 Nd7 9. b4 0-0 10. e3 b6 11. Qf3 Rb8 12. Bd3 Qe7 13. Qh3 g6 14. 0-0 e5 15. Qg3 f6 16. a4 f5 17. Rfe1 e4 18. Be2 Nf6 19. d5 Nd7 20. h4 Re8 21. a5 Nf8 22. axb6 axb6 23. Ra7 Rb7 24. Rea1 c5 25. Ra8 Bd7 26. R8a6 Bc8 27. bxc5 dxc5 28. Bd1 Rd8 29. Rb1 b5 30. Bf6 Qd7 31. Bxd8 Qxd8 32. Rd6 Qa5 33. cxb5 Qa2 34. Rc1 Qa3 35. Rc2 Qa1 36. Rxc5 Qxd1+ 37. Kh2 Bd7 38. b6 Be8 39. Rc8 Qa4 40. Rdd8 Re7 41. b7 Rxb7 42. Rxe8 1-0

[Event "COL-ch sf"]
[Site "Santa Rosa"]
[Date "2021.08.12"]
[Round "2"]
[White "Mateus Urbano, Luis Alejandro"]
[Black "Cardona Marin, Fabio"]
[Result "1-0"]
[WhiteElo "2352"]
[BlackElo "2001"]
[PlyCount "49"]
[EventDate "2021.08.11"]
[EventType "swiss"]
[EventRounds "11"]
[EventCountry "COL"]
[SourceTitle "CBM 204 Extra"]
[Source "ChessBase"]
[SourceDate "2021.11.30"]
[SourceVersion "1"]
[SourceVersionDate "2021.11.30"]
[SourceQuality "1"]

1. e4 e6 2. d4 d5 3. Nd2 dxe4 4. Nxe4 Nd7 5. Nf3 Ngf6 6. Nxf6+ Nxf6 7. Bd3 c5 8. 0-0 cxd4 9. Nxd4 a6 10. c3 Be7 11. Bf4 0-0 12. Qe2 Bd7 13. Rad1 Re8 14. Nf3 Qc8 15. Ne5 Bc6 16. Rfe1 Bf8 17. Bg5 Be7 18. Bxf6 Bxf6 19. Bxh7+ Kf8 20. Qh5 Qc7 21. Rd7 Qxd7 22. Nxd7+ Bxd7 23. Be4 Rab8 24. Rd1 Red8 25. g3 1-0

[Event "COL-ch"]
[Site "Palmira"]
[Date "2017.05.16"]
[Round "3"]
[White "Cardona Marin, Fabio"]
[Black "Chavez Duero, Brayan Steven"]
[Result "1/2-1/2"]
[WhiteElo "2032"]
[BlackElo "1782"]
[PlyCount "47"]
[EventDate "2017.05.15"]
[EventType "swiss"]
[EventRounds "10"]
[EventCountry "COL"]
[SourceTitle "CBM 178 Extra"]
[Source "ChessBase"]
[SourceDate "2017.06.22"]
[SourceVersion "1"]
[SourceVersionDate "2017.06.22"]
[SourceQuality "1"]

1. d4 Nf6 2. Nf3 g6 3. c4 Bg7 4. Nc3 0-0 5. g3 d6 6. Bg2 c6 7. 0-0 a6 8. b3 b5 9. Nd2 Qb6 10. e3 Bb7 11. Bb2 Nbd7 12. Qc2 Rac8 13. Rab1 Qc7 14. Ne2 d5 15. Rfc1 Qb8 16. Qd3 e6 17. a3 Rfd8 18. cxd5 cxd5 19. f4 Rxc1+ 20. Rxc1 Rc8 21. Rxc8+ Qxc8 22. Qc3 Qxc3 23. Nxc3 Ng4 24. Nd1 1/2-1/2

[Event "COL-ch"]
[Site "Palmira"]
[Date "2017.05.16"]
[Round "2"]
[White "Pena Mora, Carlos"]
[Black "Cardona Marin, Fabio"]
[Result "0-1"]
[WhiteElo "1542"]
[BlackElo "2032"]
[PlyCount "110"]
[EventDate "2017.05.15"]
[EventType "swiss"]
[EventRounds "10"]
[EventCountry "COL"]
[SourceTitle "CBM 178 Extra"]
[Source "ChessBase"]
[SourceDate "2017.06.22"]
[SourceVersion "1"]
[SourceVersionDate "2017.06.22"]
[SourceQuality "1"]

1. d4 Nf6 2. Nf3 e6 3. g3 Bb4+ 4. c3 Be7 5. Bg2 0-0 6. 0-0 d6 7. Nbd2 Nbd7 8. e4 e5 9. Re1 c6 10. a4 Qc7 11. Nf1 Re8 12. Ne3 Bf8 13. Qc2 g6 14. Ng5 h6 15. Nf3 Bg7 16. Bd2 b6 17. Rad1 Bb7 18. h3 a6 19. dxe5 dxe5 20. Ng4 Nxg4 21. hxg4 c5 22. Qc1 Kh7 23. g5 h5 24. Nh4 c4 25. Be3 Rad8 26. f3 Nc5 27. Bxc5 Qxc5+ 28. Kh2 Bc6 29. Qc2 f6 30. f4 fxg5 31. fxg5 Qe7 32. Nf3 Bd7 33. Qf2 Bxa4 34. Rd5 Bc6 35. Rdd1 Qc5 36. Qc2 b5 37. Ra1 Bb7 38. Kh3 Rf8 39. Qe2 Rd3 40. Rad1 Bc8+ 41. Kh2 Rfd8 42. Rd2 Bg4 43. Red1 Qd6 44. Rxd3 cxd3 45. Qe3 Bf8 46. Rd2 Be7 47. Ne1 Qc5 48. Qxc5 Bxc5 49. Rxd3 Be7 50. Rd5 Bxg5 51. Rxe5 Bc1 52. b4 Bd2 53. Nf3 Bxf3 54. Bxf3 Bxc3 55. Re7+ Kh6 0-1

[Event "Manizales op 26th"]
[Site "Manizales"]
[Date "2017.01.08"]
[Round "9"]
[White "Cardona Marin, Fabio"]
[Black "Zuluaga A, Ernesto Uriel"]
[Result "1/2-1/2"]
[WhiteElo "2003"]
[BlackElo "2100"]
[PlyCount "60"]
[EventDate "2017.01.04"]
[EventType "swiss"]
[EventRounds "9"]
[EventCountry "COL"]
[SourceTitle "CBM 176 Extra"]
[Source "ChessBase"]
[SourceDate "2017.03.02"]
[SourceVersion "1"]
[SourceVersionDate "2017.03.02"]
[SourceQuality "1"]

1. b3 Nf6 2. Bb2 e6 3. e3 Be7 4. Nf3 0-0 5. Be2 Re8 6. 0-0 d6 7. d4 Nbd7 8. c4 c5 9. Nc3 a6 10. Qc2 Qc7 11. Na4 b6 12. dxc5 Nxc5 13. Nxc5 bxc5 14. Nd2 Rb8 15. Bf3 Nd7 16. Rfd1 a5 17. a4 Bb7 18. Be2 Bf6 19. Rab1 Bxb2 20. Rxb2 Ne5 21. Nb1 Qc6 22. f3 Ba6 23. Nc3 Red8 24. Nb5 Qb6 25. Qc3 f5 26. Rbd2 Nf7 27. Kh1 Bb7 28. Qc2 Qc6 29. Qc3 Qb6 30. Qc2 Qc6 1/2-1/2